000 01042cam a22003017a 4500
003 CHAP
005 20220329141253.0
008 971010s1982 r 00010 d
010 _a65513
011 _a66485
035 _a74693
040 _cCHAP
090 _aFolleto 8793
100 0 0 _aMéndez Ramírez, Ignacio.
_976569
245 1 3 _aLa enseñanza de la estadística en México
260 _aMéxico, D. F. :
_bUNAM. Instituto de Investigaciones en Matemáticas Aplicadas y en Sistemas,
_c1982
300 _a16 h
490 0 _aComunicaciones técnicas. Serie azul: Monografía, 61
590 _aBATCH-UPD
_b10
_c20130110
_lUCH01
_h1426
590 _aBATCH-UPD
_b10
_c20130410
_lUCH01
_h0905
590 _aBATCH-UPD
_b10
_c20130914
_lUCH01
_h1324
590 _aCONVERSION
_b10
_c20130109
_lUCH01
_h1336
650 1 4 _aEstadística
_xEstudio y enseñanza.
_938249
830 0 _aComunicaciones técnicas. Serie azul: Monografía, 61
_926190
901 _aBK
942 _cFOLL
949 _aFolleto 8793
_bBC
_cFOLL
_d-147363
_eTS1
_i74693
_mD
_si
999 _c65513
_d65513